000 00534nam a2200205Ia 4500
003 OSt
005 20230421160906.0
008 210210b1991 xxu||||| |||| 00| 0 eng d
020 _a0 07 096389 4
040 _cAL
041 _aEnglish
082 _a621.388 DHAT
100 _aDHAKE (Arvind M).
_991735
245 _aTelevision engineering (CCIR system-B standards).
260 _aN D
_bTata McGraw-Hill Publishing Company Ltd.
_c1991
300 _axvi,462
690 _aTelevision
_991736
906 _a047135
942 _2ddc
_cBK
999 _c96296
_d96296